| 000 | 00704nam a22001697a 4500 | ||
|---|---|---|---|
| 999 |
_c61519 _d61519 |
||
| 005 | 20240321122059.0 | ||
| 008 | 240321c2012 ge ||||| |||| 00| 0 geo d | ||
| 022 | _a1987-8788 | ||
| 041 | _ageo | ||
| 245 |
_aკადმოსი : _b2012. ჰუმანიტარულ კვლევათა ჟურნალი / _cრედაქტორი ზურაბ კიკნაძე. |
||
| 260 |
_aთბილისი : _c2009- |
||
| 300 | _aV. | ||
| 653 | _aჰუმანიტარულ კვლევათა ჟურნალი | ||
| 653 | _aპერიოდიკა | ||
| 700 |
_aკიკნაძე, ზურაბ _dრედაქტორი _921512 |
||
| 942 |
_2udc _cCR |
||